[Event "Vergeze Gard-chB"]
[Site "Vergeze"]
[Date "2012.05.19"]
[Round "5"]
[White "Lauret, Patrick"]
[Black "Fauvel, Alexandre"]
[Result "1-0"]
[WhiteElo "1774"]
[BlackElo "1754"]
[PlyCount "93"]
[EventDate "2012.05.17"]
[EventType "tourn"]
[EventRounds "7"]
[EventCountry "FRA"]
[SourceTitle "EXT 2013"]
[Source "ChessBase"]
[SourceDate "2012.11.22"]
[SourceVersion "1"]
[SourceVersionDate "2012.11.22"]
[SourceQuality "1"]

1. e4 c5 2. Nf3 d6 3. d4 cxd4 4. Nxd4 Nf6 5. Nc3 e5 6. Nb3 Be6 7. Be3 Be7 8. f3 0-0 9. Nd2 Qc7 10. g4 Nbd7 11. h4 b5 12. a3 Nb6 13. h5 Nfd7 14. Bd3 Nc4 15. Nxc4 bxc4 16. Be2 Rab8 17. Rb1 Qa5 18. Qd2 Nb6 19. Kf2 Kh8 20. g5 d5 21. exd5 Nxd5 22. Nxd5 Qxd2 23. Bxd2 Bxd5 24. Bc3 Bxg5 25. Bxe5 Rbd8 26. h6 f6 27. hxg7+ Kxg7 28. Rbg1 h6 29. Bc3 Kf7 30. Rd1 Rfe8 31. Bd2 f5 32. Bxg5 hxg5 33. Rh7+ Kf8 34. Rdh1 Bg8 35. Rxa7 Rd2 36. Re1 g4 37. fxg4 fxg4 38. Kg3 Rdxe2 39. Rf1+ Bf7 40. Rfxf7+ Kg8 41. Rg7+ Kh8 42. Rxg4 R8e3+ 43. Kh4 Rxc2 44. Ra6 Rh2+ 45. Kg5 Rxb2 46. Rh6+ Kg8 47. Kf4+ 1-0

[Event "Vergeze Gard-chB"]
[Site "Vergeze"]
[Date "2012.05.18"]
[Round "4"]
[White "Fernandez, Clement"]
[Black "Lauret, Patrick"]
[Result "1/2-1/2"]
[WhiteElo "1749"]
[BlackElo "1774"]
[PlyCount "82"]
[EventDate "2012.05.17"]
[EventType "tourn"]
[EventRounds "7"]
[EventCountry "FRA"]
[SourceTitle "EXT 2013"]
[Source "ChessBase"]
[SourceDate "2012.11.22"]
[SourceVersion "1"]
[SourceVersionDate "2012.11.22"]
[SourceQuality "1"]

1. d4 Nf6 2. Nf3 g6 3. Bg5 Bg7 4. Nbd2 c6 5. e4 d6 6. Be2 Qb6 7. 0-0 0-0 8. Nc4 Qc7 9. Bxf6 Bxf6 10. e5 dxe5 11. Ncxe5 Nd7 12. Ng4 Bg7 13. Qd2 Nf6 14. Nh6+ Kh8 15. Ne5 Be6 16. Qf4 Nd5 17. Nexf7+ Bxf7 18. Nxf7+ Kg8 19. Qxc7 Nxc7 20. Ne5 Rad8 21. Bc4+ Nd5 22. Rfe1 Bf6 23. Rad1 Kg7 24. c3 Rd6 25. Nd3 Nc7 26. Nc5 b6 27. Ne6+ Nxe6 28. Bxe6 Rfd8 29. g3 c5 30. d5 b5 31. a3 a5 32. Rb1 c4 33. f4 a4 34. Kg2 Rb8 35. g4 h6 36. Kg3 g5 37. Rf1 Rf8 38. Rbe1 Rdd8 39. Rd1 Rd6 40. Bf5 Rfd8 41. Be6 Rf8 1/2-1/2

[Event "Salon de Provence op 4th"]
[Site "Salon de Provence"]
[Date "2009.04.25"]
[Round "3"]
[White "Lepeigneux, Jean Jacques"]
[Black "Lauret, Patrick"]
[Result "0-1"]
[WhiteElo "1600"]
[BlackElo "1803"]
[PlyCount "55"]
[EventDate "2009.04.24"]
[EventType "swiss"]
[EventRounds "7"]
[EventCountry "FRA"]
[SourceTitle "EXT 2010"]
[Source "ChessBase"]
[SourceDate "2010.11.25"]
[SourceVersion "1"]
[SourceVersionDate "2010.11.25"]
[SourceQuality "1"]

1. e4 c5 2. Nf3 Nc6 3. d4 cxd4 4. Nxd4 g6 5. Bc4 Bg7 6. Be3 Nf6 7. Nc3 Qa5 8. 0-0 0-0 9. Nxc6 bxc6 10. Bd2 Qc7 11. Re1 d6 12. Qf3 Ng4 13. h3 Ne5 14. Qe2 Nxc4 15. Qxc4 Be6 16. Qe2 Rab8 17. b3 d5 18. exd5 cxd5 19. Qf3 d4 20. Bf4 Qxc3 21. Qxc3 dxc3 22. Bxb8 Rxb8 23. Rad1 Bf6 24. g4 Rb4 25. Rd8+ Kg7 26. Ra8 Rf4 27. Re2 Bd4 28. Kg2 0-1

[Event "Salon de Provence op 1st"]
[Site "Salon de Provence"]
[Date "2006.04.27"]
[Round "6"]
[White "Pasquali, Dominique"]
[Black "Lauret, Patrick"]
[Result "1/2-1/2"]
[WhiteElo "1660"]
[BlackElo "1821"]
[PlyCount "93"]
[EventDate "2006.04.24"]
[EventType "swiss"]
[EventRounds "7"]
[EventCountry "FRA"]
[SourceTitle "CBM 112 Extra"]
[Source "ChessBase"]
[SourceDate "2006.07.14"]
[SourceVersion "1"]
[SourceVersionDate "2006.07.14"]
[SourceQuality "1"]

1. d4 Nf6 2. Nf3 c5 3. c3 e6 4. Bg5 d5 5. e3 Nbd7 6. Nbd2 Be7 7. Bd3 0-0 8. 0-0 Qc7 9. e4 dxe4 10. Nxe4 cxd4 11. Nxf6+ Nxf6 12. cxd4 Bd7 13. Rc1 Qd6 14. Ne5 Nd5 15. Bxe7 Nxe7 16. Rc3 Nd5 17. Bxh7+ Kh8 18. Rh3 Nf4 19. Rh4 Qxd4 20. Qxd4 Ne2+ 21. Kh1 Nxd4 22. Bb1+ Kg8 23. Rxd4 Bb5 24. Rfd1 b6 25. Bd3 Bxd3 26. R4xd3 Rac8 27. g3 Rc2 28. R3d2 Rfc8 29. Nf3 Kf8 30. Rxc2 Rxc2 31. Rd2 Rc1+ 32. Kg2 Ke7 33. Ne5 Rc7 34. h4 a6 35. g4 f6 36. Nd3 Rd7 37. f4 a5 38. Kf3 Rd4 39. Ke3 Rc4 40. h5 e5 41. fxe5 Rxg4 42. exf6+ Kxf6 43. Rh2 Kg5 44. Ne5 Rb4 45. b3 a4 46. Nd3 Rg4 47. bxa4 1/2-1/2